000 01106nam a2200313 4500
001 13874528
005 20150429124125.0
007 000
008 000
010 _a 2005922427
020 _a0495014737
020 _a0495014818 (tool kit student CDROM)
040 _aUOEL
_cDLC
_dDLC
050 0 0 _aQA303
_bM42 2006
082 0 0 _a515
_222
100 1 _aMcDill, Jean Marie.
245 1 0 _aInteractive calculus with applications /
_cJean Marie McDill, Agnes M. Rash.
260 _aBelmont, CA :
_bThomson Brooks/Cole,
_cc2006.
300 _axii, 274 p. :
_bill. ;
_c24 cm. +
_e1 CD-ROM (4 3/4 in.)
500 _aIncludes index.
538 _aSystem requirements for accompanying CD-ROM: Windows 98+; Mac OS 9+; Power PC processor +; SX CD-ROM; 128MB RAM; 800 X 600 16-bit display.
650 0 _aCalculus
_xMathematics
650 0 _aBusiness mathematics.
_xMathematics
650 0 _aSocial sciences
_xMathematics.
700 1 _aRash, Agnes M.
906 _a7
_bcbc
_corignew
_d2
_eepcn
_f20
_gy-gencatlg
942 _2lcc
_cLL
999 _c6198
_d6198